[Event "Dortmund Sparkassen op-C 47th"]
[Site "Dortmund"]
[Date "2019.07.21"]
[Round "9"]
[White "Froelich, Andreas"]
[Black "Ackerhans, Gerd"]
[Result "0-1"]
[WhiteElo "1101"]
[BlackElo "1271"]
[PlyCount "130"]
[EventDate "2019.07.13"]
[EventType "swiss"]
[EventRounds "9"]
[EventCountry "GER"]
[SourceTitle "CBM 192 Extra"]
[Source "Chessbase"]
[SourceDate "2019.11.06"]
[SourceVersion "1"]
[SourceVersionDate "2019.11.06"]
[SourceQuality "1"]

1. e4 c5 2. Bc4 Nc6 3. Nf3 d6 4. h3 Nf6 5. Nc3 e6 6. d3 Be7 7. 0-0 0-0 8. Re1 a6 9. a3 b5 10. Ba2 Bb7 11. Be3 Nd7 12. Qd2 Bf6 13. Bg5 Bxg5 14. Qxg5 Qxg5 15. Nxg5 Nd4 16. Rac1 h6 17. Nf3 Nxf3+ 18. gxf3 Ne5 19. Kg2 Rae8 20. Ne2 Ng6 21. c4 Kh7 22. cxb5 axb5 23. Kg3 f5 24. Nc3 f4+ 25. Kh2 Nh4 26. Red1 Bc6 27. Bb1 Nxf3+ 28. Kg2 Nh4+ 29. Kh2 Rf6 30. Ne2 Rg6 31. Nxf4 Nf3+ 32. Kh1 Rg5 33. b4 e5 34. Nd5 Bxd5 35. exd5 Rc8 36. d4+ Kg8 37. Rd3 e4 38. Re3 Nd2 39. dxc5 Nxb1 40. Rxb1 dxc5 41. bxc5 Rxc5 42. d6 Rgd5 43. Rxe4 Rxd6 44. Reb4 Rd3 45. R1b3 Rcc3 46. Rxc3 Rxc3 47. Rxb5 Rxh3+ 48. Kg2 Rxa3 49. Rb8+ Kf7 50. Rb7+ Kg8 51. Rb8+ Kh7 52. Rf8 g6 53. Rb8 h5 54. Rb7+ Kh6 55. Rb6 Ra8 56. f4 Rg8 57. Kh3 Rf8 58. Kg3 Kg7 59. Rb7+ Rf7 60. Rb5 Kh6 61. Rb6 Ra7 62. f5 Ra3+ 63. Kf4 Ra4+ 64. Ke5 Ra5+ 65. Kf4 Rxf5+ 0-1

[Event "Dortmund Sparkassen op-C 47th"]
[Site "Dortmund"]
[Date "2019.07.19"]
[Round "7"]
[White "Froelich, Andreas"]
[Black "Karras, Luke"]
[Result "0-1"]
[WhiteElo "1101"]
[BlackElo "1466"]
[PlyCount "80"]
[EventDate "2019.07.13"]
[EventType "swiss"]
[EventRounds "9"]
[EventCountry "GER"]
[SourceTitle "CBM 192 Extra"]
[Source "Chessbase"]
[SourceDate "2019.11.06"]
[SourceVersion "1"]
[SourceVersionDate "2019.11.06"]
[SourceQuality "1"]

1. e4 e5 2. Nf3 Nc6 3. a3 Nf6 4. Nc3 Bc5 5. Bc4 d6 6. 0-0 Bg4 7. Be2 0-0 8. d3 h6 9. h3 Bxf3 10. Bxf3 Nd4 11. Be3 c6 12. b4 Bb6 13. Na4 d5 14. Nxb6 Qxb6 15. c3 Nxf3+ 16. Qxf3 Qb5 17. Bxh6 Rfe8 18. Bg5 Re6 19. Bxf6 Rxf6 20. Qe3 Rd6 21. Qc5 Qxc5 22. bxc5 Rd7 23. Rfe1 d4 24. cxd4 Rxd4 25. Re3 Rad8 26. Rd1 Ra4 27. Ra1 Ra5 28. Rb1 Rd7 29. Rb3 Rxc5 30. Kf1 b5 31. f3 a5 32. Ke2 Rc2+ 33. Kf1 a4 34. Rb1 Ra2 35. Rc1 Rxa3 36. Rxc6 Raxd3 37. Rxd3 Rxd3 38. Rc5 a3 39. Rxb5 a2 40. Rb8+ Kh7 0-1

[Event "Dortmund Sparkassen op-C 47th"]
[Site "Dortmund"]
[Date "2019.07.15"]
[Round "3"]
[White "Schulz, Wolfgang3"]
[Black "Froelich, Andreas"]
[Result "1/2-1/2"]
[WhiteElo "890"]
[BlackElo "1101"]
[PlyCount "101"]
[EventDate "2019.07.13"]
[EventType "swiss"]
[EventRounds "9"]
[EventCountry "GER"]
[SourceTitle "CBM 192 Extra"]
[Source "Chessbase"]
[SourceDate "2019.11.06"]
[SourceVersion "1"]
[SourceVersionDate "2019.11.06"]
[SourceQuality "1"]

1. c4 e5 2. Nc3 Nf6 3. e4 Nc6 4. Nf3 Bc5 5. h3 d6 6. d3 h6 7. Be2 Bd7 8. a3 a6 9. 0-0 0-0 10. b4 Ba7 11. b5 axb5 12. Nxb5 Bc5 13. Bb2 Na7 14. a4 Nxb5 15. axb5 Rxa1 16. Bxa1 Nh5 17. d4 exd4 18. Nxd4 Nf6 19. Bf3 Re8 20. Re1 Be6 21. Qd3 Bb6 22. Bc3 Bd7 23. Nb3 Qa8 24. Bxf6 gxf6 25. Bh5 Re5 26. Qf3 Qd8 27. Qd1 Rg5 28. Bg4 Bxg4 29. hxg4 Qd7 30. c5 Bxc5 31. Nxc5 Rxc5 32. Qd4 Kg7 33. e5 Qd8 34. e6 fxe6 35. Rxe6 Rxb5 36. Qe4 Re5 37. Qc4 Rxe6 38. Qxe6 Qg8 39. Qd7+ Qf7 40. Qb5 c5 41. Qb6 c4 42. Qxd6 c3 43. Qf4 Qb3 44. Qc7+ Kg6 45. Qf4 Qb1+ 46. Kh2 Qd3 47. Qb8 Qd5 48. f4 Kg7 49. Qc7+ Qf7 50. Qxc3 Qe6 51. Qc7+ 1/2-1/2